00973nam a22001695i 4500001000700000003000900007005001700016008004100033100003100074245010400105260005900209300002100268500019300289852017400482999001900656952012800675171008ES-MaACL20230906214521.0090422s1868 sp |||| | spa d1 aEscalante, Eduardo.94746313aUn grapaet y pròu b: comedia bilingüe en un acto y en verso / coriginal de Eduardo Escalante. aValencia : b[s.n.], c1868 (fImp. de Ferrer de Orga) a40 p. ; c18 cm. aEn port.: Representada por primera vez con éxito extraordinario en el Teatro de la Princesa de Valencia, la noche del 15 de febrero de 1868, á beneficio del actor D. Leandro Torromé. aES-MaACLjF-8576(10) z.- Enc. pasta española q.- Falto de la cub. originalz.- Enc. en un vol. facticio formando parte de la col. "Teatro español moderno", vol. 29 c171008d171008 001040708LIBXIXaATENEOMbATENEOMcSPP2d2009-04-22eSCl0oF-8576(10)p1179471r2023-02-23 00:00:00w2023-02-23yMONANT